Logika, algebry a grafy

Na minha lista:
Detalhes bibliográficos
Autor principal: Kolář, Josef
Outros Autores: Štěpánková, Olga, Chytil, Michal
Formato: Livro
Idioma:tcheco
Publicado em: Praha Stát. nakl. techn. lit. 1989
Edição:1. vyd.
Tags: Adicionar Tag
Sem tags, seja o primeiro a adicionar uma tag!

MARC

LEADER 00000nam a2200000 4500
001 c025443
005 20221215120140.8
041 0 |a cze 
044 |a CZ 
245 1 0 |a Logika, algebry a grafy  |c Josef Kolář, Olga Štepánková, Michal Chytil 
250 |a 1. vyd. 
264 1 |a Praha  |b Stát. nakl. techn. lit.  |c 1989 
300 |a 434 s. 
100 1 |a Kolář, Josef 
700 1 |a Štěpánková, Olga 
700 1 |a Chytil, Michal